|
|
|
|
| LEADER |
02147nim a2200601 i 4500 |
| 001 |
001663470 |
| 003 |
CZ BrMZK |
| 005 |
20190305072506.0 |
| 007 |
sd fungnnmmned |
| 008 |
190110t20182018xr ||nne i n cze |
| 015 |
|
|
|a cnb003069662
|
| 024 |
3 |
|
|a 8594185330172
|
| 040 |
|
|
|a BOA001
|b cze
|e rda
|
| 041 |
1 |
|
|d cze
|h eng
|
| 072 |
|
7 |
|a 316.4/.7
|x Sociální interakce. Sociální komunikace
|2 Konspekt
|9 18
|
| 080 |
|
|
|a 316.613.43
|2 MRF
|
| 080 |
|
|
|a 316.648.4
|2 MRF
|
| 080 |
|
|
|a 159.923.5
|2 MRF
|
| 080 |
|
|
|a 316.472.4
|2 MRF
|
| 080 |
|
|
|a (0.062)
|2 MRF
|
| 080 |
|
|
|a (086.7)08
|2 MRF
|
| 080 |
|
|
|a (086.76)
|2 MRF
|
| 100 |
1 |
|
|a Bowen, Will
|7 jo2017970375
|4 aut
|
| 240 |
1 |
0 |
|a Complaint free relationships.
|l Česky
|
| 245 |
1 |
0 |
|a Vztahy bez stížností /
|c Will Bowen ; z anglického originálu Complaint free relationships přeložila Petra Vlčková
|
| 264 |
|
1 |
|a [Praha] :
|b Synergi,
|c 2018
|
| 264 |
|
4 |
|c ©2018
|
| 300 |
|
|
|a 1 audiodisk (7 hod., 38 min.) ;
|c 12 cm
|
| 306 |
|
|
|a 073800
|
| 336 |
|
|
|a mluvené slovo
|b spw
|2 rdacontent
|
| 337 |
|
|
|a audio
|b s
|2 rdamedia
|
| 338 |
|
|
|a audiodisk
|b sd
|2 rdacarrier
|
| 344 |
|
|
|a digital
|b optical
|2 rda
|
| 347 |
|
|
|a audio soubor
|b MP3
|2 rda
|
| 500 |
|
|
|a Název z disku
|
| 508 |
|
|
|a Režie Helena Rytířová
|
| 511 |
0 |
|
|a Čte Martin Stránský
|
| 518 |
|
|
|o Nahráno
|p studio Chevaliere, Řevnice
|
| 650 |
0 |
7 |
|a nespokojenost
|7 ph841472
|2 czenas
|
| 650 |
0 |
7 |
|a změna postoje
|7 ph615993
|2 czenas
|
| 650 |
0 |
7 |
|a pozitivní myšlení
|7 ph124475
|2 czenas
|
| 650 |
0 |
7 |
|a interpersonální vztahy
|7 ph114786
|2 czenas
|
| 650 |
0 |
7 |
|a rozvoj osobnosti
|7 ph194683
|2 czenas
|
| 655 |
|
7 |
|a populárně-naučné publikace
|7 fd131864
|2 czenas
|
| 655 |
|
7 |
|a audioknihy
|7 fd119452
|2 czenas
|
| 655 |
|
7 |
|a kompaktní disky
|7 fd201991
|2 czenas
|
| 700 |
1 |
|
|a Vlčková, Petra
|7 ola2003186242
|4 trl
|
| 700 |
1 |
|
|a Rytířová, Helena,
|d 1951-
|7 mzk2008473203
|4 drt
|
| 700 |
1 |
|
|a Stránský, Martin,
|d 1970-
|7 jn20000710600
|4 nrt
|
| 910 |
|
|
|a BOA001
|b CDR-1421.110
|
| 990 |
|
|
|a AV
|
| 991 |
|
|
|b 201903
|c NOV
|
| 996 |
6 |
|
|b 2610767934
|c CDR-1421.110
|l MZK
|r Sklad / do 24 hodin
|n 1
|p p.v.
|w 001702986
|u 000010
|a 1
|e BOA001
|j MZK50
|s P
|